[Event "FRA-ch Accession"]
[Site "Nimes"]
[Date "2009.08.14"]
[Round "4"]
[White "Frederic, Clement"]
[Black "Barret, Simon"]
[Result "1-0"]
[WhiteElo "2235"]
[BlackElo "2166"]
[PlyCount "69"]
[EventDate "2009.08.11"]
[EventType "swiss"]
[EventRounds "9"]
[EventCountry "FRA"]
[SourceTitle "CBM 132 Extra"]
[Source "ChessBase"]
[SourceDate "2009.11.03"]
[SourceVersion "1"]
[SourceVersionDate "2009.11.03"]
[SourceQuality "1"]

1. e4 c5 2. Nf3 Nc6 3. d4 cxd4 4. Nxd4 Nf6 5. Nc3 e5 6. Ndb5 d6 7. Bg5 a6 8. Na3 b5 9. Nd5 Be7 10. Bxf6 Bxf6 11. c3 0-0 12. Nc2 Bg5 13. Bd3 Be6 14. Nce3 Bxe3 15. Nxe3 Ne7 16. a4 bxa4 17. Rxa4 a5 18. 0-0 d5 19. Qh5 Bd7 20. Raa1 d4 21. cxd4 exd4 22. Nc4 a4 23. f4 f5 24. Ne5 Be6 25. exf5 Bxf5 26. Bc4+ Nd5 27. Nc6 Qd7 28. Bxd5+ Kh8 29. Qf3 Ra6 30. Ne5 Qa7 31. Be4 Bxe4 32. Qxe4 d3+ 33. Kh1 d2 34. Qd3 Qe7 35. Qxa6 1-0

[Event "FRA-ch Accession"]
[Site "Nimes"]
[Date "2009.08.11"]
[Round "1"]
[White "Ber, Yves"]
[Black "Frederic, Clement"]
[Result "0-1"]
[WhiteElo "2040"]
[BlackElo "2235"]
[PlyCount "76"]
[EventDate "2009.08.11"]
[EventType "swiss"]
[EventRounds "9"]
[EventCountry "FRA"]
[SourceTitle "CBM 132 Extra"]
[Source "ChessBase"]
[SourceDate "2009.11.03"]
[SourceVersion "1"]
[SourceVersionDate "2009.11.03"]
[SourceQuality "1"]

1. d4 b6 2. Nf3 Bb7 3. g3 Bxf3 4. exf3 d5 5. Be3 e6 6. Bd3 Bd6 7. f4 Ne7 8. Nc3 a6 9. Qg4 g6 10. Qe2 c5 11. Qf3 Nbc6 12. dxc5 bxc5 13. Bd2 Qb6 14. Na4 Qb7 15. c3 0-0 16. Bc2 e5 17. g4 f5 18. g5 e4 19. Qg3 Na5 20. h4 d4 21. 0-0-0 d3 22. Bxd3 exd3 23. Qxd3 Qc6 24. h5 Rad8 25. Qe2 Rf7 26. hxg6 Nxg6 27. c4 Nxf4 28. Bxf4 Bxf4+ 29. Kb1 Rfd7 30. Nc3 Rxd1+ 31. Rxd1 Re8 32. Qd3 Qe6 33. Nd5 Be5 34. f4 Bd4 35. Nc7 Qb6 36. b3 Qxc7 37. Qxf5 Qf7 38. Qg4 Qe6 0-1